000 01837nam0a2200409 i 4500
001 RU\NLR\BIBL_A\010004872
005 20241102071227.0
010 _a9785799506643
_9100
021 _aRU
_b2013-81075
_95599
035 _a(NILC)RuMoRGB-006678472
035 _a(NLR Aleph) 010004872
090 _a9818728
_c9818728
100 _a20131118d2013 k y0rusy50 ca
101 0 _arus
102 _aRU
105 _aac||z||||00yy
200 1 _aОсмотические и электрокинетические явления в открытых системах
_eмонография
_fН. И. Гамаюнов, С. Н. Гамаюнов
_gМ-во образования и науки РФ, Твер. гос. техн. ун-т
210 _aТверь
_cредакционно-издательский центр Тверского государственного технического университета
_d2013
215 _a187 с.
_cил., портр.
_d20
300 _aНа с. 3 1-й авт.: д.т.н., проф., засл. деят. науки и техники РСФСР Гамаюнов Н.И.
320 _aБиблиогр.: с. 181-185 (68 назв.)
606 _aЭлектрокинетические явления
_9900909
_3RU\NLR\AUTH\667429
606 _aОсмос
_91274190
_3RU\NLR\AUTH\66206999
606 _aСуспензии
_91284356
_3RU\NLR\AUTH\66212382
675 _a537.36
686 1 _aЛ113-1
686 1 _aГ661
686 1 _aГ574.5
686 1 _aГ562.15
700 1 _aГамаюнов
_bН. И.
_f1929-2013
_gНиколай Иванович
701 1 _aГамаюнов
_bС. Н.
_gСергей Николаевич
801 0 _aRU
_bRuMoRKP
_c20131014
_gRCR
801 2 _aRU
_bРГБ
_c20131024
_grcr
942 _cBOOK
980 _aNBR